|
|
|
|
| LEADER |
01131nam a22002777a 4500 |
| 001 |
43570 |
| 003 |
BD-DhAAL |
| 005 |
20241022143227.0 |
| 008 |
241022t2011 bg ||||| |||| 00| 0 ben d |
| 020 |
|
|
|a 9789843321734
|
| 040 |
|
|
|a BD-DhAAL
|c BD-DhAAL
|
| 041 |
|
|
|a ben
|
| 082 |
|
|
|a 891.443
|2 23
|
| 100 |
|
|
|a আশরাফ, কাজী.
|9 18858
|
| 245 |
|
|
|a সুন্দরের পরশ /
|c কাজী আশরাফ ; শফিক সিদ্দিক সম্পাদিত.
|
| 246 |
|
|
|a Sundorer porosh
|
| 260 |
|
|
|a ঢাকা :
|b ছায়াবীথি প্রকাশনী,
|c ২০১১.
|
| 300 |
|
|
|a ৯৫ পৃষ্ঠা ;
|c ২২ সে.মি.
|
| 541 |
|
|
|a Savar Campus Library
|e 43570
|
| 650 |
|
|
|a Short stories, Bengali.
|
| 650 |
|
|
|a Bengali literature.
|
| 700 |
|
|
|a সিদ্দিক, শফিক.
|9 57033
|
| 852 |
|
|
|a Ayesha Abed Library
|
| 942 |
|
|
|2 ddc
|c BK
|
| 999 |
|
|
|c 47049
|d 47049
|
| 952 |
|
|
|0 0
|1 0
|2 ddc
|4 0
|6 891_443000000000000_ASR
|7 0
|9 76737
|a SCL
|b SCL
|c GEN
|d 2024-10-22
|e Savar Campus Library
|g 150.00
|l 0
|o 891.443 ASR
|p 3020043570
|r 2024-10-22
|t 1
|w 2024-10-22
|y BK
|x Savar Campus Library
|